| 000 | 00994cam a2200217 4500 | ||
|---|---|---|---|
| 001 | WB3901-18 | ||
| 008 | 030102n2002 000 0 eng u | ||
| 035 | _a(Sirsi) u120882 | ||
| 245 | _aConsumers divided on house prices | ||
| 260 | _c2002 | ||
| 490 |
_aWoolwich Press Release _v27 December 2002, (2) |
||
| 520 | _aThe latest consumer confidence research by Woolwich reveals that 53% of people expect UK house prices to rise during 2003, with 47% expecting stability or decreases. Woolwich predicts that base rates will increase by around three quarters of a percent in 2003, house price inflation will fall gradually, and gross mortgage lending will slow. www.woolwich.co.uk/content/CRP/hotnews/pressrelease/pr27_12_02.htm | ||
| 590 | _aWB | ||
| 650 | _aWOOLWICH | ||
| 650 | _aHOUSING MARKET SURVEYS | ||
| 650 | _aHOUSE PRICES | ||
| 650 | _aMORTGAGE LENDING | ||
| 650 | _aCONSUMER CONFIDENCE | ||
| 690 | _aPROPERTY-RESIDENTIAL PROPERTY-RESIDENTIAL PROPERTY MARKET | ||
| 942 | _n0 | ||
| 999 |
_c71852 _d71852 |
||